LEADER 00960nam a2200241 i 4500 001 991002772849707536 008 150326s2015 it 001 0 ita d 020 $a9788863157758 035 $ab14230100-39ule_inst 040 $aBibl. Dip.le Aggr. Scienze Giuridiche - Sez. Studi Giuridici$bita 082 04$a343.05302632 100 1 $aGhinassi, Simone$0407200 245 13$aLa fattispecie impositiva del tributo successorio /$cSimone Ghinassi 260 $aOspedaletto :$bPacini,$c2015 300 $a p. ;$c cm 440 0$aSaggi di diritto tributario ;$v10 650 4$aDiritto tributario$xSuccessioni 907 $a.b14230100$b15-09-15$c29-05-15 912 $a991002772849707536 945 $aLE027 343.05 GHI01.02$g1$i2027000332267$lle027$nProf. Girelli$op$pE26.00$q-$rl$s- $t0$u0$v0$w0$x0$y.i15692516$z15-09-15 996 $aFattispecie impositiva del tributo successorio$9255081 997 $aUNISALENTO 998 $ale027$b29-05-15$cm$da $e-$fita$git $h3$i0